Os 100 maiores países do mundo em um mapa sem eles - Statistics

Estatísticas Gerais
  • Esse quiz foi jogado 545 vezes
  • A pontuação média é 86 de 100
Respostas no mapa
Respostas codificadas por cores de uma escala verde-vermelha no mapa do quiz de acordo com a % correta abaixo.
 
Estatísticas das Respostas
Posição País % Correto
5 Brasil
98%
2 Canadá
98%
4 Estados Unidos
98%
1 Rússia
98%
8 Argentina
96%
3 China
96%
13 México
96%
27 Bolívia
95%
48 França
95%
24 África do Sul
94%
6 Austrália
94%
25 Colômbia
94%
51 Espanha
94%
59 Paraguai
94%
19 Peru
94%
89 Uruguai
94%
32 Venezuela
94%
63 Alemanha
93%
29 Egito
93%
9 Cazaquistão
92%
7 Índia
92%
18 Mongólia
92%
47 Ucrânia
92%
10 Argélia
91%
37 Chile
91%
73 Equador
91%
57 Marrocos
91%
22 Angola
90%
12 Arábia Saudita
90%
83 Guiana
90%
17 Irã
90%
71 Itália
90%
21 Níger
90%
69 Polônia
90%
11 RepúblicaDemocrática do Congo
90%
64 República do Congo
90%
90 Suriname
90%
36 Turquia
90%
14 Indonésia
89%
62 Japão
89%
33 Paquistão
89%
55 Suécia
89%
40 Afeganistão
88%
65 Finlândia
88%
58 Iraque
88%
31 Nigéria
88%
61 Noruega
88%
75 Nova Zelândia
88%
15 Sudão
88%
16 Líbia
87%
53 Camarões
86%
26 Etiópia
86%
41 Sudão do Sul
86%
84 Bielorrússia
85%
96 Nicarágua
85%
78 Reino Unido
85%
81 Romênia
85%
38 Zâmbia
85%
52 Turcomenistão
84%
56 Uzbequistão
84%
97 Coréia do Norte
83%
80 Gana
83%
95 Grécia
83%
77 Guiné
83%
23 Mali
83%
35 Moçambique
83%
42 Somália
83%
50 Tailândia
83%
60 Zimbábue
83%
20 Chade
82%
92 Nepal
82%
70 Omã
82%
43 República Centro-Africana
82%
86 Senegal
82%
46 Quênia
81%
91 Tunísia
81%
82 Laos
80%
34 Namíbia
80%
85 Quirguistão
80%
94 Tajiquistão
80%
66 Vietnã
80%
45 Botsuana
79%
28 Mauritânia
79%
30 Tanzânia
79%
79 Uganda
78%
76 Gabão
77%
93 Bangladesh
76%
88 Camboja
76%
68 Costa do Marfim
76%
49 Iêmen
76%
44 Madagascar
76%
39 Myanmar
76%
87 Síria
76%
99 Eritréia
75%
72 Filipinas
75%
67 Malásia
75%
54 Papua Nova-Guiné
73%
100 Benim
72%
74 Burkina Faso
72%
98 Maláui
68%
Nenhum quiz correspondente encontrado
Distribuição das Pontuações
Porcentagem de Pessoas com Cada Pontuação
Percentil de Números Respondidos
Sua Pontuação Histórica
Você não jogou esse quiz